| 000 | 00570nam a2200133Ia 4500 | ||
|---|---|---|---|
| 008 | 100328s9999 xx 000 0 und d | ||
| 082 | _b67878 | ||
| 100 | _aबोरुडे रा.रं. | ||
| 245 | _aसंशोान पद्धतीशास्त्र (Research Methodology). | ||
| 260 | _bपुणे विद्यार्थीगृह. | ||
| 630 | _aसंशोान पद्धतीशास्त्र (Research Methodology). | ||
| 730 | _aसंशोान पद्धतीशास्त्र (Research Methodology). | ||
| 942 | _cBOOK | ||
| 999 |
_c553617 _d553614 |
||